000 00871cam a2200241 4500
001 ABS62395
008 000000n2000 000 0 eng u
035 _a(Sirsi) u106026
100 _aCrosby, N.
245 _aValuation accuracy, variation and bias in the context of standards and expectations
260 _c2000
490 _aJournal of Property Investment and Finance
_v18(2) April 2000, 130-161(32)
520 _aLooks at the institutional influences which have an effect on valuations and their accuracy and attempts to examine the legal interpretation of valuation inaccuracy in the UK. References.
590 _aABS
650 _aVALUATION STANDARDS
650 _aVALUATION ACCURACY
650 _aVALUERS
650 _aVALUATIONS
650 _aACCURACY
650 _aVARIANCE
690 _aPROPERTY-PROPERTY APPRAISAL AND VALUATION
942 _n0
999 _c63504
_d63504